000 00846nam a2200253Ia 4500
003 OSt
005 20220918185135.0
006 a|||||r|||| 00| 0
007 ta
008 220917b |||||||| |||| 00| 0 eng d
024 _a49,813
037 _cTextual
040 _aARTS
_cARTS
_beng
041 _2eng
_aeng
082 _aX724e, N8
100 _aGarg Dinesh Chandra
_967986
245 0 _aIncom Tax ready recokoner 1996-97 and 1997-98 with rates tables examples & discussions for incometax weath tax and gift tax with 10years average of share quotations Dinesh Chandra Garg & Sandeep Garg
250 _a34th
260 _aGhaziabad
_blaw And Management House
_c1998
300 _a455p.
_ccm.
650 _aINCOME TAX; ECONOMICS
_967987
942 _hX724e, N8
_cTEXL
_2CC
999 _c179413
_d179413